00613nam a2200205Ia 4500003000400000008004100004020002300045040000800068100001500076245003500091260002600126300001300152365001100165901002100176902003300197903005800230942001200288952009000300999001700390LDD181029s9999 xx 000 0 und d a8175330953c795.00 cLDD aDua, Aarti 0aFeminist psychologycAarti Dua aNew DelhibM.D.c2006 av, 320p. b795.00 a7461b29-08-2011 a771b30-08-2011cFdGBHeFTF aDiscount-15bReqst by : Savita Singh  2ddccBK 00102ddc4070997464aLDDbLDDl0o155.633 D85Fp080799r2018-11-01w2018-11-01yBK c97465d97465